F1 Drivers by Picture (2011-2020) - Statistics

General Stats
  • This quiz has been taken 124 times
  • The average score is 16 of 20
Answer Stats
Picture Answer % Correct
Sergio Pérez
98%
Max Verstappen
95%
Valtteri Bottas
95%
Charles Leclerc
93%
Carlos Sainz Jr.
92%
Daniel Ricciardo
92%
Kevin Magnussen
92%
Lando Norris
91%
Alexander Albon
90%
George Russell
90%
Nico Hülkenberg
90%
Pierre Gasly
90%
Lance Stroll
89%
Esteban Ocon
87%
Romain Grosjean
85%
Daniil Kvyat
77%
Pastor Maldonado
64%
Stoffel Vandoorne
53%
Vitaly Petrov
43%
Bruno Senna
29%
No matching quizzes found
Score Distribution
Percent of People with Each Score
Percentile by Number Answered
Your Score History
You have not taken this quiz